Central Library OPAC University of Rajshahi

শেখ মুজিব ও বাংলাদেশ / (Record no. 55581)

MARC details
000 -LEADER
fixed length control field 01096nam a2200241 a 4500
001 - CONTROL NUMBER
control field 55581
003 - CONTROL NUMBER IDENTIFIER
rucl marc code BD-RjUL
005 - DATE AND TIME OF LATEST TRANSACTION
control field 20211209080302.0
008 - FIXED-LENGTH DATA ELEMENTS--GENERAL INFORMATION
fixed length control field 161120s1973 bg ||||| |||| 00| 0 ben d
020 ## - INTERNATIONAL STANDARD BOOK NUMBER
Terms of availability : TK 40.00
035 ## - SYSTEM CONTROL NUMBER
System control number (BD-RjUL)55704
040 ## - CATALOGING SOURCE
Original cataloging agency BD-RjUL
Language of cataloging ben
Transcribing agency BD-RjUL
041 ## - LANGUAGE CODE
Language code of text/sound track or separate title ben
082 ## - DEWEY DECIMAL CLASSIFICATION NUMBER
Edition number 23
Classification number 954.9205
Author mark and year MOS 1973
100 1# - MAIN ENTRY--PERSONAL NAME
Personal name মোহাম্মদ, শাহজাহান বিন্
9 (RLIN) 165578
245 10 - TITLE STATEMENT
Title শেখ মুজিব ও বাংলাদেশ /
Statement of responsibility, etc. শাহজাহান বিন মোহাম্মদ ও কাজী লতিফুর রহমান
260 ## - PUBLICATION, DISTRIBUTION, ETC. (IMPRINT)
Place of publication, distribution, etc. ঢাকা :
Name of publisher, distributor, etc. প্রভিন্সিয়াল বুক ডিপু লিঃ ,
Date of publication, distribution, etc. ১৯৭৩
300 ## - PHYSICAL DESCRIPTION
Pagination [১০], ৭৫৬, [১] পৃ. :
Illustrations চিত্র ;
Size ২১ সেমি.
650 ## - SUBJECT ADDED ENTRY--TOPICAL TERM
Topical term or geographic name as entry element মুক্তিযুদ্ধ
Geographic subdivision বাংলাদেশ
9 (RLIN) 165579
Topical term or geographic name as entry element Liberation War
Geographic subdivision Bangladesh
9 (RLIN) 165580
700 ## - ADDED ENTRY--PERSONAL NAME
Personal name রহমান, কাজী লতিফুর, যুগ্ম লেখক
942 ## - ADDED ENTRY ELEMENTS (KOHA)
Source of classification or shelving scheme Dewey Decimal Classification
Koha item type Books
Holdings
Lost status Source of classification or shelving scheme Damaged status Not for loan Collection code Permanent Location Current Location Shelving location Date acquired Source of acquisition Cost, normal purchase price Total Checkouts Full call number Date last seen Date checked out Copy number Koha item type
  Dewey Decimal Classification     Non-fiction Central Library, University of Rajshahi Central Library, University of Rajshahi   19/07/1979 Niyamot Book , Rajshahi 40.00 1 B 954.9205 MOS 1973 25/06/2019 30/05/2019 C-2 Books
  Dewey Decimal Classification   Not For Loan Rare Books Central Library, University of Rajshahi Central Library, University of Rajshahi Rare Book Section 19/07/1979 Niamot book shop ,Rajshahi 40.00   BRA 954.9205 MOS 1973 11/03/2020   C-1 Rare Books